<?xml version="1.0" encoding="UTF-8"?><?xml-stylesheet type="text/xsl" href="static/style.xsl"?><OAI-PMH xmlns="http://www.openarchives.org/OAI/2.0/" xmlns:xsi="http://www.w3.org/2001/XMLSchema-instance" xsi:schemaLocation="http://www.openarchives.org/OAI/2.0/ http://www.openarchives.org/OAI/2.0/OAI-PMH.xsd"><responseDate>2026-06-03T04:46:04Z</responseDate><request verb="GetRecord" identifier="oai:riuma.uma.es:10630/25643" metadataPrefix="marc">https://riuma.uma.es/rest/oai/request</request><GetRecord><record><header><identifier>oai:riuma.uma.es:10630/25643</identifier><datestamp>2026-05-07T10:17:48Z</datestamp><setSpec>com_10630_1685</setSpec><setSpec>col_10630_38055</setSpec></header><metadata><record xmlns="http://www.loc.gov/MARC21/slim" xmlns:dcterms="http://purl.org/dc/terms/" xmlns:doc="http://www.lyncode.com/xoai" xmlns:xsi="http://www.w3.org/2001/XMLSchema-instance" xsi:schemaLocation="http://www.loc.gov/MARC21/slim http://www.loc.gov/standards/marcxml/schema/MARC21slim.xsd">
   <leader>00925njm 22002777a 4500</leader>
   <datafield ind2=" " ind1=" " tag="042">
      <subfield code="a">dc</subfield>
   </datafield>
   <datafield ind2=" " ind1=" " tag="720">
      <subfield code="a">Aranda Zamora, Lucia</subfield>
      <subfield code="e">author</subfield>
   </datafield>
   <datafield ind2=" " ind1=" " tag="260">
      <subfield code="c">2022</subfield>
   </datafield>
   <datafield ind2=" " ind1=" " tag="520">
      <subfield code="a">El presente Trabajo de Fin de Grado de la carrera universitaria de Graduado en&#xd;
Educación Primaria de la Universidad de Málaga. Primero, he conectado en todo&#xd;
momento la teoría aprendida y adquirida en las diversas asignaturas del Grado con el&#xd;
aprendizaje práctico y experiencial, que he obtenido gracias a las prácticas escolares&#xd;
realizadas en diferentes centros educativos.&#xd;
Por otro lado, he diseñado una propuesta educativa de mejora tomando como&#xd;
referencia la propuesta de intervención autónoma implementada en el prácticum III.1, con&#xd;
los niños y las niñas de primer curso de la etapa de Educación Primaria en el colegio,&#xd;
“San Francisco de Asís”, situado en el municipio de Alameda correspondiente a la&#xd;
provincia de Málaga. El principal objetivo de este trabajo es el análisis y mejora de la PIA&#xd;
implantada, con el fin de que estudiantado consiga solventar sus necesidades, las cuales&#xd;
se produjeron durante su proceso de enseñanza - aprendizaje en distintas asignaturas y&#xd;
que se encuentran en el currículum escolar de Andalucía. Dicha propuesta de mejora está&#xd;
compuesta por seis sesiones, en las cuales el alumnado aprenderá contenidos de diversas&#xd;
áreas de conocimiento tales como; Ciencias de la Naturaleza, Matemáticas, Valores&#xd;
Sociales y Cívicos, Lengua y Educación Artística.&#xd;
Como cierre final al presente trabajo he incluido una sección de conclusiones, en&#xd;
las cuales se recogen mis reflexiones personales sobre diferentes aspectos; mi identidad&#xd;
como docente, los aprendizajes adquiridos en los cuatro años de carrera, las competencias&#xd;
alcanzadas y las habilidades que he desarrollado gracias tanto a los saberes teóricos como&#xd;
prácticos.</subfield>
   </datafield>
   <datafield ind1="8" ind2=" " tag="024">
      <subfield code="a">https://hdl.handle.net/10630/25643</subfield>
   </datafield>
   <datafield tag="653" ind2=" " ind1=" ">
      <subfield code="a">Educación - Trabajos fin de grado</subfield>
   </datafield>
   <datafield tag="653" ind2=" " ind1=" ">
      <subfield code="a">Motivación (Psicología)</subfield>
   </datafield>
   <datafield tag="653" ind2=" " ind1=" ">
      <subfield code="a">Evaluación educativa</subfield>
   </datafield>
   <datafield tag="653" ind2=" " ind1=" ">
      <subfield code="a">Profesores - Formación profesional</subfield>
   </datafield>
   <datafield ind2="0" ind1="0" tag="245">
      <subfield code="a">Alfabetización científica en el primer curso de la etapa de Educación Primaria</subfield>
   </datafield>
</record>
</metadata></record></GetRecord></OAI-PMH>